| 000 | 00971nam a22002777a 4500 | ||
|---|---|---|---|
| 001 | 1048 | ||
| 005 | 20231211141619.0 | ||
| 020 |
_a0590457128 (pbk.) : _c$3.99 |
||
| 040 |
_aIHI _cIHI _dDPL _dOCL _dSPP _dDLC _beng |
||
| 050 | 0 | 0 | _aQL31.C56 |
| 082 | _a597.0092 | ||
| 100 | 1 | _aMcGovern, Ann. | |
| 245 | 1 | 0 |
_aAdventure of the shark lady : _bEugenie Clark around the world / _cby Ann McGovern. |
| 260 |
_aNew York : _bScholastic, _c1978 |
||
| 300 |
_a79 pages : _billustrations, _c20 cm. |
||
| 505 | _aX | ||
| 520 | _aA biography of the ichthyologist whose interest in fish began at the age of nine during weekly trips to the Aquarium in New York City. | ||
| 521 |
_a890
_bLexile |
||
| 521 |
_aX
_bRaz-Plus |
||
| 650 | 0 |
_aIchthyologists _zUnited States _vJuvenile literature. |
|
| 650 | 0 |
_aSharks _xResearch _vJuvenile literature. |
|
| 650 | 0 | _aIchthyologists. | |
| 650 | 0 | _aSharks. | |
| 906 |
_a7 _bcbc _ccopycat _d2 _encip _f19 _gy-genrareb |
||
| 942 |
_2ddc _cBK _n0 |
||
| 999 |
_c1048 _d1048 |
||